[Event "Almeria Sola Memorial 1st"]
[Site "Almeria"]
[Date "2014.12.26"]
[Round "1"]
[White "Lara Lopez, Sergio"]
[Black "Gazquez Corral, Alba"]
[Result "1-0"]
[WhiteElo "2184"]
[BlackElo "1548"]
[PlyCount "63"]
[EventDate "2014.12.26"]
[EventType "swiss"]
[EventRounds "7"]
[EventCountry "ESP"]
[SourceTitle "CBM 164 Extra"]
[Source "ChessBase"]
[SourceDate "2015.03.02"]
[SourceVersion "1"]
[SourceVersionDate "2015.03.02"]
[SourceQuality "1"]

1. e4 e5 2. Nf3 Nc6 3. Bc4 Bc5 4. c3 Nf6 5. d3 0-0 6. Bb3 d6 7. h3 Bb6 8. Nbd2 d5 9. Qe2 Re8 10. Nf1 h6 11. g4 dxe4 12. dxe4 Qd6 13. Ng3 Na5 14. g5 hxg5 15. Bxg5 Nxb3 16. axb3 Nh7 17. Rd1 Qe6 18. c4 Nxg5 19. Nxg5 Qf6 20. Nf3 Qe7 21. Nh5 Bd7 22. Rd5 Qb4+ 23. Kf1 Bc6 24. Rg1 Bxd5 25. Rxg7+ Kf8 26. exd5 Bd4 27. Ng5 Ke7 28. Rxf7+ Kd8 29. Qg4 Qd6 30. Ne6+ Rxe6 31. dxe6 Bc5 32. Qg8+ 1-0

[Event "Andalucia-ch U12"]
[Site "Islantilla"]
[Date "2012.04.13"]
[Round "2"]
[White "Gazquez Corral, Alba"]
[Black "Carrasco Betanzos, Belen"]
[Result "1-0"]
[WhiteElo "1604"]
[BlackElo "1231"]
[PlyCount "49"]
[EventDate "2012.04.13"]
[EventType "swiss"]
[EventRounds "9"]
[EventCountry "ESP"]
[SourceTitle "CBM 148 Extra"]
[Source "ChessBase"]
[SourceDate "2012.06.22"]
[SourceVersion "1"]
[SourceVersionDate "2012.06.22"]
[SourceQuality "1"]

1. e4 e5 2. Nf3 Nc6 3. Bc4 Bc5 4. c3 Nf6 5. d4 Nxe4 6. dxc5 Nxf2 7. Kxf2 0-0 8. Re1 Re8 9. Qd5 d6 10. Qxf7+ Kh8 11. Kg1 h6 12. Bxh6 Rg8 13. Qg6 Qe8 14. Bf7 Qf8 15. Ng5 Bf5 16. Qxf5 g6 17. Qf6+ Rg7 18. Bxg7+ Qxg7 19. Qxg7+ Kxg7 20. Re3 dxc5 21. Rh3 Kf6 22. Nd2 Kxg5 23. Rf1 Rd8 24. Ne4+ Kg4 25. Be6# 1-0

[Event "Almeria-ch Juvenil"]
[Site "Almeria"]
[Date "2011.01.23"]
[Round "3.13"]
[White "Gazquez Corral, Alba"]
[Black "Ucles Lirola, Angela"]
[Result "0-1"]
[WhiteElo "1298"]
[BlackElo "1242"]
[PlyCount "68"]
[EventDate "2011.01.22"]
[EventType "swiss"]
[EventRounds "6"]
[EventCountry "ESP"]
[SourceTitle "EXT 2024"]
[Source "ChessBase"]
[SourceDate "2023.10.10"]
[SourceVersion "1"]
[SourceVersionDate "2023.10.10"]
[SourceQuality "1"]

1. e4 e5 2. Nf3 Nc6 3. Nc3 Bb4 4. Nd5 Bc5 5. a3 Nf6 6. Nc3 d6 7. Bc4 Bg4 8. h3 Bh5 9. d3 Nd4 10. g4 Nxf3+ 11. Qxf3 Bg6 12. g5 Nh5 13. Bd2 f6 14. gxf6 Qxf6 15. Qxf6 Nxf6 16. 0-0-0 Bxf2 17. Nd5 Nxd5 18. Bxd5 0-0-0 19. Bg5 Rdf8 20. Rhf1 Bb6 21. h4 Rf2 22. Rxf2 Bxf2 23. Rf1 Rf8 24. Kb1 Kd7 25. Bxb7 c6 26. Ba6 Ke8 27. Bc4 h6 28. Bd2 Bxh4 29. Rxf8+ Kxf8 30. Be3 a5 31. b3 Bf7 32. Bxf7 Kxf7 33. Bb6 g5 34. Bxa5 g4 0-1